Russkii Parnass.

Uloženo v:
Podrobná bibliografie
Hlavní autor: Eliasberg, Alexander, 1878-1924
Další autoři: Eliasberg, David, 1897 or 8-1920
Médium: Kniha
Jazyk:Undetermined
Vydáno: Leipzig : Insel-Verlag. [1920]
Edice:Bibliotheca mundi
Témata:
LEADER 00836nam a22002291a 4500
001 c000116396
003 CARM
005 20000125162553.0
008 900827s1920 ge 000 und d
019 1 |a 55545891  |z 9410111  |z 24823185  |5 LACONCORD2021 
035 |a (OCoLC)970973  |5 LACONCORD2021 
040 |a NMQU  |b eng  |c NMQU 
100 1 |a Eliasberg, Alexander,  |d 1878-1924. 
245 1 0 |a Russkii Parnass. 
260 |c [1920]  |a Leipzig :  |b Insel-Verlag. 
300 |a 330 p. ;  |c 22 cm. 
440 0 |a Bibliotheca mundi 
650 0 |a Russian poetry (Collections) 
700 1 |a Eliasberg, David,  |d 1897 or 8-1920. 
852 8 |b CARM  |h A2:AH01A0  |i B03629  |p 0178570  |f BK 
999 f f |i 19195e90-2b0e-5626-a137-eefdef390d02  |s 366dcd28-424e-5f9d-8dae-4ba132aa9639 
952 f f |p Can circulate  |a CAVAL  |b CAVAL  |c CAVAL  |d CARM 1 Store  |e B03629  |f A2:AH01A0  |h Other scheme  |i book  |m 0178570